Fr. Conceicao Rodrigues College of Engineering

Theory & Problem Of Programming With Structured Cobal (Record no. 32438)

MARC details
000 -LEADER
fixed length control field 00345nam a2200133Ia 4500
082 ## - DEWEY DECIMAL CLASSIFICATION NUMBER
Classification number 1.6
100 ## - MAIN ENTRY--PERSONAL NAME
Personal name Newcomer/L.R
245 ## - TITLE STATEMENT
Title Theory & Problem Of Programming With Structured Cobal
260 ## - PUBLICATION, DISTRIBUTION, ETC.
Name of publisher, distributor, etc. McGraw Hill.( Schaum''s)
Place of publication, distribution, etc. New York
Date of publication, distribution, etc. 1986
300 ## - PHYSICAL DESCRIPTION
Extent 210
546 ## - LANGUAGE NOTE
Language note ENGLISH
654 ## - SUBJECT ADDED ENTRY--FACETED TOPICAL TERMS
Focus term Programming With Structured Cobal
942 ## - ADDED ENTRY ELEMENTS (KOHA)
Koha item type BOOK
Holdings
Withdrawn status Lost status Damaged status Not for loan Collection Home library Current library Shelving location Date acquired Source of acquisition Cost, normal purchase price Inventory number Total Checkouts Full call number Barcode Date last seen Cost, replacement price Price effective from Koha item type
        AFT Fr. Agnel's C.Rodrigues College of Engineering Fr. Agnel's C.Rodrigues College of Engineering   17/03/2023 UBS 54.10 T-723   1.6 AFT5272 17/03/2023 54.10 17/03/2023 BOOK